000
00286nam a22001337a 4500
008
171130b xxu||||| |||| 00| 0 eng d
020
_a
9780801487880
041
_a
eng
080
_a
94
100
_a
16
101
_a
HIS
245
_a
DEATH OF A NOTARY
_c
MERWICK,.D
942
_2
udc
_c
BK
999
_c
38625
_d
38625